[Event "Budapest Aranytiz IM"]
[Site "Budapest"]
[Date "2022.08.21"]
[Round "3"]
[White "Farkas, Richard"]
[Black "Dovzik, Juri"]
[Result "1-0"]
[WhiteElo "2304"]
[BlackElo "2273"]
[PlyCount "81"]
[EventDate "2022.08.18"]
[EventType "tourn"]
[EventRounds "9"]
[EventCountry "HUN"]
[SourceTitle "CBM 209 Extra"]
[Source "ChessBase"]
[SourceDate "2022.09.30"]
[SourceVersion "1"]
[SourceVersionDate "2022.09.30"]
[SourceQuality "1"]

1. e4 c5 2. Nf3 e6 3. d4 cxd4 4. Nxd4 Nc6 5. Nc3 Qc7 6. Be3 a6 7. Qd2 Nf6 8. 0-0-0 Bb4 9. f3 Ne7 10. Nde2 h6 11. a3 Ba5 12. b4 Bb6 13. Bxb6 Qxb6 14. e5 Nfd5 15. Nxd5 Nxd5 16. c4 Qc7 17. Nc3 Nxc3 18. Qxc3 b5 19. Kb2 bxc4 20. Bxc4 Bb7 21. Rd6 0-0 22. a4 Bc6 23. Bb3 Qb7 24. Rc1 Rfc8 25. Qd4 Rc7 26. Rc5 Rac8 27. Ka3 Qb8 28. f4 Bxg2 29. Rxd7 Rxd7 30. Qxd7 Rd8 31. Qe7 Rf8 32. f5 Bd5 33. Bxd5 exd5 34. e6 a5 35. bxa5 Qb1 36. exf7+ Kh7 37. Qxf8 Qa1+ 38. Kb3 Qb1+ 39. Kc3 Qc1+ 40. Kd4 Qf4+ 41. Kxd5 1-0

[Event "HUN-chT2 Maroczy 1718"]
[Site "Hungary"]
[Date "2018.03.25"]
[Round "8.2"]
[White "Vanczak, Tamas"]
[Black "Farkas, Richard"]
[Result "0-1"]
[WhiteElo "2256"]
[BlackElo "2343"]
[PlyCount "64"]
[EventDate "2017.10.29"]
[EventType "team-tourn"]
[EventRounds "9"]
[EventCountry "HUN"]
[SourceTitle "EXT 2021"]
[Source "ChessBase"]
[SourceDate "2020.10.23"]
[SourceVersion "1"]
[SourceVersionDate "2020.10.23"]
[SourceQuality "1"]
[WhiteTeam "Miskolc KisBocsok"]
[BlackTeam "Budapest Kobanya II"]
[WhiteTeamCountry "HUN"]
[BlackTeamCountry "HUN"]

1. e4 c5 2. Nf3 Nc6 3. d4 cxd4 4. Nxd4 Nf6 5. Nc3 g6 6. Be3 Bg7 7. Bc4 0-0 8. Bb3 a5 9. a4 Ng4 10. Qxg4 Nxd4 11. Qd1 Nxb3 12. cxb3 Ra6 13. 0-0 Re6 14. Bd4 f5 15. Bxg7 Kxg7 16. Qd4+ Kg8 17. Rfe1 fxe4 18. Nxe4 Rf5 19. Rac1 Rc6 20. Rc3 Qf8 21. f3 Qf7 22. Rce3 Rd5 23. Qa7 e6 24. Nc3 Rh5 25. Qb8 Qf8 26. Nb5 Rc2 27. Nd6 Rd5 28. Nc4 Rg5 29. g3 Rh5 30. R1e2 Rc1+ 31. Kg2 Rxh2+ 32. Kxh2 Qh6+ 0-1

[Event "HUN-chT 1718"]
[Site "Hungary"]
[Date "2018.02.18"]
[Round "6.9"]
[White "Farkas, Richard"]
[Black "Aczel, Gergely"]
[Result "0-1"]
[WhiteElo "2346"]
[BlackElo "2573"]
[PlyCount "56"]
[EventDate "2017.11.25"]
[EventType "team-tourn"]
[EventRounds "9"]
[EventCountry "HUN"]
[SourceTitle "EXT 2019"]
[Source "ChessBase"]
[SourceDate "2018.10.10"]
[SourceVersion "1"]
[SourceVersionDate "2018.10.10"]
[SourceQuality "1"]
[WhiteTeam "Kobanya Aquarena"]
[BlackTeam "Aquaprofit"]
[WhiteTeamCountry "HUN"]
[BlackTeamCountry "HUN"]

1. e4 c5 2. Nf3 d6 3. c3 Nf6 4. Bd3 Nc6 5. Bc2 Bg4 6. d3 e6 7. Nbd2 Be7 8. h3 Bh5 9. g4 Bg6 10. Nh4 d5 11. Qe2 Qc7 12. Ndf3 0-0-0 13. Ng5 Bd6 14. f4 dxe4 15. dxe4 Bxf4 16. Bxf4 Qxf4 17. Nxg6 hxg6 18. Nxf7 Nxg4 19. Nxd8 Qg3+ 20. Kd2 Rxd8+ 21. Kc1 Nf2 22. Rf1 Qf4+ 23. Kb1 Rd2 24. Qc4 Kb8 25. Qxe6 a6 26. Qg8+ Ka7 27. Re1 Ne5 28. Qc8 Nfd3 0-1

[Event "HUN-chT2 Maroczy 1718"]
[Site "Hungary"]
[Date "2018.01.28"]
[Round "5.1"]
[White "Farkas, Richard"]
[Black "Tesik, Csaba"]
[Result "1/2-1/2"]
[WhiteElo "2348"]
[BlackElo "2315"]
[PlyCount "33"]
[EventDate "2017.10.29"]
[EventType "team-tourn"]
[EventRounds "9"]
[EventCountry "HUN"]
[SourceTitle "EXT 2021"]
[Source "ChessBase"]
[SourceDate "2020.10.23"]
[SourceVersion "1"]
[SourceVersionDate "2020.10.23"]
[SourceQuality "1"]
[WhiteTeam "Budapest Kobanya II"]
[BlackTeam "Szeged Maroczy"]
[WhiteTeamCountry "HUN"]
[BlackTeamCountry "HUN"]

1. e4 c5 2. Nf3 e6 3. d4 cxd4 4. Nxd4 a6 5. Nc3 Qc7 6. g3 Bb4 7. Nde2 Nf6 8. Bg2 Nc6 9. Bf4 Qa5 10. a3 Be7 11. Bd6 0-0 12. b4 Qd8 13. h3 Bxd6 14. Qxd6 Ne8 15. Qd2 Qc7 16. f4 d6 17. 0-0 1/2-1/2

[Event "Budapest FS02 IM"]
[Site "Budapest"]
[Date "2017.02.04"]
[Round "1"]
[White "Farkas, Richard"]
[Black "Frolov, Artur"]
[Result "0-1"]
[WhiteElo "2310"]
[BlackElo "2389"]
[PlyCount "104"]
[EventDate "2017.02.04"]
[EventType "tourn"]
[EventRounds "9"]
[EventCountry "HUN"]
[SourceTitle "CBM 176 Extra"]
[Source "ChessBase"]
[SourceDate "2017.03.02"]
[SourceVersion "1"]
[SourceVersionDate "2017.03.02"]
[SourceQuality "1"]

1. e4 c5 2. Nf3 Nc6 3. d4 cxd4 4. Nxd4 e6 5. Nc3 d6 6. g3 Nxd4 7. Qxd4 Ne7 8. Bg5 Nc6 9. Qd2 Qa5 10. Nb5 Qxd2+ 11. Bxd2 Kd7 12. 0-0-0 a6 13. Na3 Kc7 14. c4 Be7 15. h4 b6 16. Be3 Bb7 17. Bg2 Ne5 18. f3 Rac8 19. Kb1 h5 20. Rhf1 Rhf8 21. Bf4 g6 22. b3 f6 23. Nc2 g5 24. Be3 g4 25. fxg4 Nxg4 26. Bg1 f5 27. Nd4 Rf6 28. Rfe1 Rcf8 29. Kb2 e5 30. Ne2 fxe4 31. Ka1 Rf3 32. Rc1 Rd3 33. Kb1 Ne3 34. Bh1 Nf5 35. Bh2 Rd2 36. Bg1 Rg8 37. Rc2 Rxc2 38. Kxc2 Nxg3 39. Nxg3 Rxg3 40. Bf2 Rg4 41. Be3 Rxh4 42. Rf1 Rh2+ 43. Kd1 d5 44. cxd5 Bxd5 45. Rg1 Rxa2 46. Rg7 Kd8 47. Bxb6+ Ke8 48. Bg2 Bxb3+ 49. Ke1 Bc4 50. Kd1 Kf8 51. Rg6 Bd3 52. Bh3 e3 0-1

[Event "Budapest FS11 IM"]
[Site "Budapest"]
[Date "2016.11.15"]
[Round "9"]
[White "Nemeth, Zoltan"]
[Black "Farkas, Richard"]
[Result "0-1"]
[WhiteElo "2296"]
[BlackElo "2296"]
[PlyCount "54"]
[EventDate "2016.11.05"]
[EventType "tourn"]
[EventRounds "9"]
[EventCountry "HUN"]
[EventCategory "2"]
[SourceTitle "CBM 175 Extra"]
[Source "ChessBase"]
[SourceDate "2016.12.12"]
[SourceVersion "1"]
[SourceVersionDate "2016.12.12"]
[SourceQuality "1"]

1. c4 c5 2. Nc3 Nc6 3. g3 g6 4. Bg2 Bg7 5. e4 e6 6. d3 Nge7 7. Be3 Nd4 8. Qd2 Nec6 9. Rc1 0-0 10. h4 h5 11. Nce2 d6 12. Nxd4 Nxd4 13. Nh3 e5 14. f3 Rb8 15. Nf2 b5 16. g4 bxc4 17. gxh5 gxh5 18. dxc4 f5 19. Nd3 fxe4 20. fxe4 Bg4 21. Bg5 Qd7 22. Rc3 Qb7 23. Ra3 Bf3 24. 0-0 Qxe4 25. Rxa7 Ne2+ 26. Kh2 Qg4 27. Rf2 Qg3+ 0-1

[Event "Budapest FS11 IM"]
[Site "Budapest"]
[Date "2016.11.12"]
[Round "7"]
[White "Farkas, Richard"]
[Black "Rydstrom, Tom"]
[Result "1-0"]
[WhiteElo "2296"]
[BlackElo "2256"]
[PlyCount "103"]
[EventDate "2016.11.05"]
[EventType "tourn"]
[EventRounds "9"]
[EventCountry "HUN"]
[EventCategory "2"]
[SourceTitle "CBM 175 Extra"]
[Source "ChessBase"]
[SourceDate "2016.12.12"]
[SourceVersion "1"]
[SourceVersionDate "2016.12.12"]
[SourceQuality "1"]

1. e4 e5 2. Nf3 Nc6 3. Nc3 Nf6 4. Bb5 Bc5 5. 0-0 0-0 6. Nxe5 Nxe5 7. d4 Bd6 8. f4 Neg4 9. e5 Bb4 10. Be2 d6 11. exf6 Nxf6 12. f5 d5 13. Bg5 c6 14. Bd3 Be7 15. Qf3 Qb6 16. Qe3 Bd8 17. Na4 Qb4 18. b3 Ng4 19. Qf4 Bxg5 20. Qxg4 Be3+ 21. Kh1 Qxd4 22. Qg3 Bh6 23. Rad1 Qf6 24. c4 b6 25. cxd5 cxd5 26. Qc7 Qd8 27. Qg3 Re8 28. Bb5 Re3 29. Rf3 Rxf3 30. Qxf3 Bb7 31. Nc3 d4 32. Qxb7 dxc3 33. Rxd8+ Rxd8 34. Bd3 g6 35. Bc2 Bg5 36. Qxa7 Kg7 37. Qc7 Bf6 38. g4 gxf5 39. g5 Bxg5 40. Qxc3+ Bf6 41. Qe3 Rd4 42. Bxf5 h5 43. a4 h4 44. Kg2 Kf8 45. h3 Kg7 46. Qc1 Rb4 47. Qc2 Kf8 48. Bd3 Rf4 49. Qc7 Rb4 50. Bc4 Be7 51. Qc8+ Kg7 52. Qf5 1-0

[Event "Budapest FS11 IM"]
[Site "Budapest"]
[Date "2016.11.11"]
[Round "6"]
[White "Popovics, Adam"]
[Black "Farkas, Richard"]
[Result "0-1"]
[WhiteElo "2386"]
[BlackElo "2296"]
[PlyCount "80"]
[EventDate "2016.11.05"]
[EventType "tourn"]
[EventRounds "9"]
[EventCountry "HUN"]
[EventCategory "2"]
[SourceTitle "CBM 175 Extra"]
[Source "ChessBase"]
[SourceDate "2016.12.12"]
[SourceVersion "1"]
[SourceVersionDate "2016.12.12"]
[SourceQuality "1"]

1. d4 Nf6 2. Nf3 d6 3. Nc3 Nbd7 4. e4 e5 5. Bc4 Be7 6. 0-0 0-0 7. a4 c6 8. Re1 a5 9. h3 Nb6 10. Ba2 Nfd7 11. Be3 exd4 12. Qxd4 Nc5 13. Rad1 Be6 14. Bxe6 fxe6 15. e5 d5 16. Qg4 Nbd7 17. h4 Qe8 18. Ne2 Qf7 19. Ng3 Qg6 20. Qxg6 hxg6 21. b3 b5 22. axb5 cxb5 23. Ne2 Ra6 24. Ned4 Rb8 25. Bc1 Ne4 26. Re3 Bb4 27. Bb2 a4 28. c4 bxc4 29. bxc4 a3 30. Ba1 Ndc5 31. cxd5 exd5 32. Nc2 a2 33. Rxd5 Ba3 34. Nxa3 Rb1+ 35. Re1 Rxa3 36. Rdd1 Rab3 37. Kh2 Rxd1 38. Rxd1 Rb1 39. Re1 Nd2 40. Rg1 Nf1+ 0-1

[Event "Budapest FS11 IM"]
[Site "Budapest"]
[Date "2016.11.07"]
[Round "3"]
[White "Farkas, Richard"]
[Black "Lorand, Norbert"]
[Result "1-0"]
[WhiteElo "2296"]
[BlackElo "2340"]
[PlyCount "73"]
[EventDate "2016.11.05"]
[EventType "tourn"]
[EventRounds "9"]
[EventCountry "HUN"]
[EventCategory "2"]
[SourceTitle "CBM 175 Extra"]
[Source "ChessBase"]
[SourceDate "2016.12.12"]
[SourceVersion "1"]
[SourceVersionDate "2016.12.12"]
[SourceQuality "1"]

1. e4 c5 2. Nf3 d6 3. c3 Nf6 4. Bd3 Nc6 5. Bc2 g6 6. h3 Bg7 7. 0-0 0-0 8. d4 cxd4 9. cxd4 Nb4 10. Bb3 d5 11. e5 Ne8 12. Nc3 Nc7 13. Bg5 Be6 14. Qd2 Nc6 15. Rfe1 Qd7 16. Ba4 Rfe8 17. Rac1 Rac8 18. b3 Na8 19. Bb5 a6 20. Bf1 b5 21. a4 b4 22. Na2 Qb7 23. Rc5 f6 24. Bf4 Nxe5 25. Nxe5 Rxc5 26. dxc5 fxe5 27. Bxe5 Bxe5 28. Rxe5 Nc7 29. Qxb4 Rb8 30. Qa5 d4 31. Nc1 Rf8 32. c6 Qa7 33. b4 Rf5 34. Rxf5 Bxf5 35. b5 Qc5 36. Qxc7 Qxc1 37. Qd8+ 1-0

[Event "HUN-chT 1617"]
[Site "Hungary"]
[Date "2016.10.30"]
[Round "1.11"]
[White "Farkas, Richard"]
[Black "Lakos, Nikoletta"]
[Result "1/2-1/2"]
[WhiteElo "2299"]
[BlackElo "2283"]
[PlyCount "22"]
[EventDate "2016.10.30"]
[EventType "team-tourn"]
[EventRounds "9"]
[EventCountry "HUN"]
[SourceTitle "CBM 175 Extra"]
[Source "ChessBase"]
[SourceDate "2016.12.12"]
[SourceVersion "1"]
[SourceVersionDate "2016.12.12"]
[SourceQuality "1"]
[WhiteTeam "Kobanya Aquarena"]
[BlackTeam "HVSE Infraplan"]
[WhiteTeamCountry "HUN"]
[BlackTeamCountry "HUN"]

1. e4 d6 2. d4 e5 3. Nf3 exd4 4. Nxd4 Nf6 5. Nc3 Be7 6. g3 0-0 7. Bg2 Re8 8. 0-0 Bf8 9. b3 Na6 10. Bb2 Nc5 11. Re1 a5 1/2-1/2

[Event "HUN-chT2 Erkel 1617"]
[Site "Hungary"]
[Date "2016.10.09"]
[Round "2.1"]
[White "Vereb, Gabor"]
[Black "Farkas, Richard"]
[Result "1/2-1/2"]
[WhiteElo "2205"]
[BlackElo "2297"]
[PlyCount "161"]
[EventDate "2016.09.25"]
[EventType "team-tourn"]
[EventRounds "11"]
[EventCountry "HUN"]
[SourceTitle "EXT 2021"]
[Source "ChessBase"]
[SourceDate "2020.10.23"]
[SourceVersion "1"]
[SourceVersionDate "2020.10.23"]
[SourceQuality "1"]
[WhiteTeam "Szada GSBE"]
[BlackTeam "Budapest Kobanya II"]
[WhiteTeamCountry "HUN"]
[BlackTeamCountry "HUN"]

1. e4 c5 2. Nf3 e6 3. d4 cxd4 4. Nxd4 a6 5. Bd3 Nf6 6. c4 Bb4+ 7. Nc3 Qc7 8. 0-0 Nc6 9. Nxc6 dxc6 10. Qe2 e5 11. Bd2 Bc5 12. Kh1 0-0 13. Na4 Bd4 14. c5 Be6 15. Bg5 Qe7 16. f4 Bd7 17. f5 Bxc5 18. Rf3 Bd4 19. Rh3 b5 20. Nc3 h6 21. Bd2 Nh7 22. g4 f6 23. Rf1 Be8 24. Rg3 Bf7 25. h4 a5 26. Qh2 Be8 27. Kg2 Kh8 28. g5 Rg8 29. a4 Bxc3 30. Bxc3 b4 31. Bd2 Rd8 32. Bc1 Qc5 33. Be3 Qe7 34. Bc4 Bf7 35. Bxf7 Qxf7 36. g6 Qc4 37. gxh7 Qxe4+ 38. Kh3 Kxh7 39. Qg2 Qxg2+ 40. Kxg2 e4 41. Rc1 Rd5 42. Rxc6 Rxf5 43. Rc7 Re5 44. Bd4 Re6 45. Kf2 Kh8 46. Ke3 Rd6 47. Re7 Rgd8 48. Rxe4 R8d7 49. Rf3 Rd5 50. Bb6 R7d6 51. Bc7 Rd7 52. Bb6 R7d6 53. Bd4 Kh7 54. Rff4 Rd7 55. Re8 Kg6 56. Rc8 f5 57. Rc6+ Kh5 58. Rc5 g5 59. hxg5 hxg5 60. Rxf5 Rxd4 61. Rxg5+ Kh6 62. Rg2 R7d5 63. Rxd5 Rxd5 64. Ke4 Rd1 65. b3 Rc1 66. Rg3 Rd1 67. Rd3 Re1+ 68. Kd4 Kg6 69. Kc4 Kf6 70. Kb5 Re5+ 71. Kb6 Ke7 72. Kc6 Re6+ 73. Kc5 Re5+ 74. Kb6 Rf5 75. Rd4 Re5 76. Rc4 Kd7 77. Rc5 Re3 78. Kxa5 Rxb3 79. Kb6 Rc3 80. Rd5+ Kc8 81. Kb5 1/2-1/2

[Event "HUN-chT2 Erkel 1617"]
[Site "Hungary"]
[Date "2016.09.25"]
[Round "1.1"]
[White "Farkas, Richard"]
[Black "Baratosi, Daniel"]
[Result "1/2-1/2"]
[WhiteElo "2297"]
[BlackElo "2355"]
[PlyCount "84"]
[EventDate "2016.09.25"]
[EventType "team-tourn"]
[EventRounds "11"]
[EventCountry "HUN"]
[SourceTitle "EXT 2021"]
[Source "ChessBase"]
[SourceDate "2020.10.23"]
[SourceVersion "1"]
[SourceVersionDate "2020.10.23"]
[SourceQuality "1"]
[WhiteTeam "Budapest Kobanya II"]
[BlackTeam "Szigetszentmiklos"]
[WhiteTeamCountry "HUN"]
[BlackTeamCountry "HUN"]

1. e4 e5 2. Nf3 Nc6 3. Nc3 Nf6 4. Bb5 Bd6 5. a3 0-0 6. d3 Nd4 7. Nxd4 exd4 8. Ne2 c6 9. Bc4 Bc7 10. Bg5 d5 11. exd5 cxd5 12. Bxf6 Qxf6 13. Bxd5 Re8 14. Bf3 g5 15. 0-0 g4 16. Be4 Qe5 17. g3 f5 18. f4 Qe6 19. Nxd4 Bb6 20. c3 fxe4 21. f5 Qd5 22. Qxg4+ Kh8 23. Rae1 Bxd4+ 24. cxd4 Qxd4+ 25. Kg2 Qxb2+ 26. Re2 Qf6 27. dxe4 Bd7 28. Rfe1 Bc6 29. Qf4 Re5 30. g4 Rae8 31. Kg3 Rd8 32. Re3 Rg8 33. h4 Rc5 34. e5 Qd8 35. e6 Qd5 36. Qe5+ Qxe5+ 37. Rxe5 Rc2 38. R1e2 Rc3+ 39. R5e3 Rc1 40. Re1 Rc2 41. R1e2 Rc1 42. Re1 Rc2 1/2-1/2

[Event "Budapest FS08 IM"]
[Site "Budapest"]
[Date "2016.08.14"]
[Round "8"]
[White "Farkas, Richard"]
[Black "Vegh, Endre"]
[Result "1-0"]
[WhiteElo "2297"]
[BlackElo "2274"]
[PlyCount "75"]
[EventDate "2016.08.06"]
[EventType "tourn"]
[EventRounds "9"]
[EventCountry "HUN"]
[EventCategory "1"]
[SourceTitle "CBM 173 Extra"]
[Source "ChessBase"]
[SourceDate "2016.08.29"]
[SourceVersion "1"]
[SourceVersionDate "2016.08.29"]
[SourceQuality "1"]

1. e4 g6 2. d4 Bg7 3. Nc3 d6 4. f4 Nf6 5. Nf3 0-0 6. Bd3 Na6 7. 0-0 c5 8. d5 Bg4 9. h3 Bxf3 10. Rxf3 Rb8 11. Qe2 Nc7 12. a4 b6 13. Bc4 Nd7 14. Bd2 Qc8 15. Raf1 a6 16. e5 dxe5 17. f5 e4 18. Nxe4 Ne5 19. fxg6 hxg6 20. d6 exd6 21. Nf6+ Bxf6 22. Rxf6 b5 23. Ba2 Qd7 24. Bc3 c4 25. Rd1 Qe7 26. Rfxd6 Rfe8 27. Qe3 bxa4 28. Qh6 Qf8 29. Qg5 Qe7 30. Qh6 Qf8 31. Qf4 Qe7 32. Bxc4 Nxc4 33. Qxc4 Ne6 34. Qxa4 Qg5 35. Qg4 Qe3+ 36. Kh1 Nc5 37. Rxg6+ fxg6 38. Qxg6+ 1-0

[Event "Budapest FS08 IM"]
[Site "Budapest"]
[Date "2016.08.13"]
[Round "7"]
[White "Kantsler, Boris"]
[Black "Farkas, Richard"]
[Result "1/2-1/2"]
[WhiteElo "2394"]
[BlackElo "2297"]
[PlyCount "61"]
[EventDate "2016.08.06"]
[EventType "tourn"]
[EventRounds "9"]
[EventCountry "HUN"]
[EventCategory "1"]
[SourceTitle "CBM 173 Extra"]
[Source "ChessBase"]
[SourceDate "2016.08.29"]
[SourceVersion "1"]
[SourceVersionDate "2016.08.29"]
[SourceQuality "1"]

1. e4 c5 2. c3 Nf6 3. e5 Nd5 4. d4 e6 5. Nf3 cxd4 6. Qxd4 Nc6 7. Qe4 d6 8. Nbd2 Nxe5 9. Nxe5 dxe5 10. Qxe5 Bd7 11. Nf3 Qf6 12. Bd3 Bc6 13. Bg5 Qxe5+ 14. Nxe5 f6 15. Nxc6 bxc6 16. Bd2 0-0-0 17. Ke2 Kb7 18. Rad1 Bd6 19. g3 Rd7 20. a3 h6 21. c4 Nb6 22. Be3 Be5 23. b3 Rhd8 24. Be4 Bb2 25. Bc5 Bd4 26. Bxd4 Rxd4 27. Rxd4 Rxd4 28. Ke3 Rd8 29. f4 Kc7 30. Rc1 a5 31. Bf3 1/2-1/2

[Event "Budapest FS08 IM"]
[Site "Budapest"]
[Date "2016.08.10"]
[Round "5"]
[White "Farkas, Richard"]
[Black "Yao, Lan"]
[Result "1-0"]
[WhiteElo "2297"]
[BlackElo "2167"]
[PlyCount "317"]
[EventDate "2016.08.06"]
[EventType "tourn"]
[EventRounds "9"]
[EventCountry "HUN"]
[EventCategory "1"]
[SourceTitle "CBM 173 Extra"]
[Source "ChessBase"]
[SourceDate "2016.08.29"]
[SourceVersion "1"]
[SourceVersionDate "2016.08.29"]
[SourceQuality "1"]

1. e4 c5 2. Nf3 d6 3. c3 Nf6 4. Bd3 g6 5. h3 Bg7 6. 0-0 0-0 7. Bc2 Nc6 8. d4 cxd4 9. cxd4 Nd7 10. Nc3 b6 11. Re1 Ba6 12. Bf4 Rc8 13. Rc1 b5 14. e5 dxe5 15. dxe5 Nc5 16. Ne4 Ne6 17. Bg3 Ncd4 18. Nxd4 Nxd4 19. Bb1 Rxc1 20. Qxc1 b4 21. Qe3 Qb6 22. Kh2 Nf5 23. Qxb6 axb6 24. Bf4 Nd4 25. Ng3 Rd8 26. Bc1 b3 27. axb3 Nxb3 28. Be3 Nc5 29. b4 Na4 30. f4 Bc4 31. Ne4 b5 32. Rc1 f6 33. exf6 exf6 34. f5 gxf5 35. Nc5 Nxc5 36. bxc5 Re8 37. Rc3 f4 38. Bxf4 Rc8 39. Bd6 Bd5 40. Bf5 Rd8 41. Rd3 Bc6 42. Ra3 Bf8 43. Be6+ Kh8 44. Bxf8 Rxf8 45. Ra6 Be4 46. c6 Kg7 47. Ra7+ Kg6 48. c7 Bf5 49. c8Q Rxc8 50. Bxc8 Bxc8 51. Rc7 Be6 52. Rb7 Bc4 53. Kg3 Bd3 54. Kf4 Bf1 55. Rb8 Kg7 56. Kf3 Kg6 57. Kf2 Bc4 58. Rb6 Kg5 59. g3 h5 60. Rc6 Kg6 61. Ke3 Bf1 62. h4 Bc4 63. Kf4 Bd3 64. Rd6 Be2 65. Rb6 Bd3 66. Ke3 Bf1 67. Ke4 Bg2+ 68. Kf4 Bf1 69. Rb8 Bc4 70. Ke4 Bf1 71. Rg8+ Kf7 72. Rh8 Kg6 73. Kf4 Bc4 74. Rc8 Bd3 75. Rg8+ Kf7 76. Rd8 Bc4 77. Kf5 Be6+ 78. Ke4 b4 79. Rb8 b3 80. Kd4 Kg6 81. Rb5 Bf7 82. Kc3 Be6 83. Kb4 Bf7 84. Ka5 Bc4 85. Rb4 Be6 86. Kb5 Kf5 87. Kc5 Ke5 88. Rf4 Bf5 89. Rb4 Bc2 90. Kc6 Kf5 91. Kd6 Bd1 92. Rf4+ Kg6 93. Ke7 f5 94. Rb4 Bc2 95. Rb6+ Kg7 96. Ke6 Kg6 97. Ke5+ Kf7 98. Rb7+ Kg6 99. Kf4 Kf6 100. Rb6+ Ke7 101. Kg5 Bd1 102. Kxf5 Bc2+ 103. Ke5 Kf7 104. Kd4 Kg7 105. Kc3 Kh7 106. Rb5 Kg6 107. Rg5+ Kh6 108. Kb2 Bd1 109. Kb1 Bc2+ 110. Kc1 Bd3 111. Rd5 Bc2 112. Rb5 Kg6 113. Kd2 Kh6 114. Rb6+ Kg7 115. Ke3 Kf7 116. Kf4 Bd1 117. Kg5 Ke7 118. g4 Bxg4 119. Rxb3 Kf7 120. Rb7+ Ke6 121. Kg6 Bf3 122. Rb3 Bg4 123. Re3+ Kd5 124. Kf6 Kd4 125. Re5 Bf3 126. Kf5 Bd1 127. Ra5 Be2 128. Kf6 Bg4 129. Kg5 Ke4 130. Kh6 Kf4 131. Kg6 Bd1 132. Kf6 Ke4 133. Ra1 Bg4 134. Ra4+ Kd5 135. Ra5+ Kd6 136. Ra2 Kd7 137. Rd2+ Kc6 138. Kg6 Kc5 139. Rd8 Kc6 140. Rd2 Kc5 141. Kf6 Kc6 142. Ke7 Kc5 143. Rd6 Kc4 144. Kf6 Kc5 145. Ke5 Kb5 146. Kd4 Bf3 147. Rg6 Bd1 148. Rf6 Bg4 149. Kd5 Bd1 150. Rf1 Bg4 151. Rb1+ Ka6 152. Ke5 Ka5 153. Kf6 Bf3 154. Rb8 Ka6 155. Kg5 Ka7 156. Rh8 Kb7 157. Rxh5 Kc7 158. Rh7+ Kd8 159. Kf6 1-0

[Event "Budapest FS08 IM"]
[Site "Budapest"]
[Date "2016.08.08"]
[Round "3"]
[White "Farkas, Richard"]
[Black "Lyell, Mark"]
[Result "1-0"]
[WhiteElo "2297"]
[BlackElo "2238"]
[PlyCount "73"]
[EventDate "2016.08.06"]
[EventType "tourn"]
[EventRounds "9"]
[EventCountry "HUN"]
[EventCategory "1"]
[SourceTitle "CBM 173 Extra"]
[Source "ChessBase"]
[SourceDate "2016.08.29"]
[SourceVersion "1"]
[SourceVersionDate "2016.08.29"]
[SourceQuality "1"]

1. e4 e6 2. d3 Nc6 3. g3 Bc5 4. c3 e5 5. b4 Bb6 6. Nf3 d6 7. a4 a5 8. b5 Nce7 9. Nbd2 Nf6 10. Nc4 Bc5 11. Bg2 Be6 12. Ne3 Ng6 13. 0-0 0-0 14. d4 Bb6 15. Qc2 Ng4 16. Nf5 d5 17. exd5 Bxd5 18. c4 Bxf3 19. Bxf3 Bxd4 20. Nxd4 Qxd4 21. Bb2 Qd7 22. Bxb7 f5 23. Bxa8 Rxa8 24. Qd1 Qe8 25. Qf3 Ne7 26. h3 e4 27. Qf4 Nh6 28. Qxc7 Rc8 29. Qe5 Qf7 30. b6 Nc6 31. Qd5 Nb4 32. Qxf7+ Nxf7 33. Bc3 Nc6 34. Rfd1 Kf8 35. Rd5 g6 36. Rb1 Ke8 37. Bxa5 1-0

[Event "HUN-chT 1516"]
[Site "Hungary"]
[Date "2016.04.16"]
[Round "8.9"]
[White "Lorand, Norbert"]
[Black "Farkas, Richard"]
[Result "1/2-1/2"]
[WhiteElo "2341"]
[BlackElo "2307"]
[PlyCount "53"]
[EventDate "2015.11.07"]
[EventType "team-tourn"]
[EventRounds "11"]
[EventCountry "HUN"]
[SourceTitle "CBM 171 Extra"]
[Source "ChessBase"]
[SourceDate "2016.04.26"]
[SourceVersion "1"]
[SourceVersionDate "2016.04.26"]
[SourceQuality "1"]
[WhiteTeam "Dunaharaszti"]
[BlackTeam "Kobanya Aquarena"]
[WhiteTeamCountry "HUN"]
[BlackTeamCountry "HUN"]

1. e4 c5 2. Nf3 e6 3. d4 cxd4 4. Nxd4 a6 5. Bd3 Nf6 6. 0-0 d6 7. c4 Be7 8. Nc3 Nbd7 9. b3 Qc7 10. Bb2 Ne5 11. Bc2 Bd7 12. Qe2 Rc8 13. Rad1 0-0 14. f4 Ng6 15. Kh1 Rfe8 16. Qf2 b5 17. Bd3 b4 18. Nce2 Qa5 19. Bb1 Bf8 20. h3 Rc7 21. Qg3 Bc8 22. Nf3 Nd7 23. Rd2 Bb7 24. f5 exf5 25. exf5 Nge5 26. Nfd4 Nc5 27. Nf4 1/2-1/2

[Event "Budapest FS12 IM"]
[Site "Budapest"]
[Date "2015.12.14"]
[Round "10"]
[White "Havanecz, Bianka"]
[Black "Farkas, Richard"]
[Result "1/2-1/2"]
[WhiteElo "2282"]
[BlackElo "2307"]
[PlyCount "60"]
[EventDate "2015.12.05"]
[EventType "tourn"]
[EventRounds "11"]
[EventCountry "HUN"]
[EventCategory "1"]
[SourceTitle "EXT 2017"]
[Source "ChessBase"]
[SourceDate "2016.10.25"]
[SourceVersion "1"]
[SourceVersionDate "2016.10.25"]
[SourceQuality "1"]

1. d4 d5 2. c4 dxc4 3. e3 a6 4. Bxc4 e6 5. a4 Nf6 6. Nc3 c5 7. Nf3 Nc6 8. 0-0 cxd4 9. exd4 Be7 10. Re1 0-0 11. Bg5 Nd5 12. Bxe7 Ndxe7 13. Qd2 b6 14. Rad1 Bb7 15. d5 Nxd5 16. Nxd5 exd5 17. Bxd5 Qf6 18. Qe3 Na5 19. Bxb7 Nxb7 20. Ne5 Rfd8 21. Rxd8+ Rxd8 22. Nd7 Qe6 23. Qxe6 fxe6 24. Nxb6 Rd6 25. Nc4 Rd4 26. b3 Nc5 27. Na5 Rd5 28. g3 Nxa4 29. bxa4 Rxa5 30. Re4 Kf7 1/2-1/2

[Event "Budapest FS12 IM"]
[Site "Budapest"]
[Date "2015.12.12"]
[Round "8"]
[White "Brustkern, Juergen"]
[Black "Farkas, Richard"]
[Result "1-0"]
[WhiteElo "2223"]
[BlackElo "2307"]
[PlyCount "111"]
[EventDate "2015.12.05"]
[EventType "tourn"]
[EventRounds "11"]
[EventCountry "HUN"]
[EventCategory "1"]
[SourceTitle "EXT 2017"]
[Source "ChessBase"]
[SourceDate "2016.10.25"]
[SourceVersion "1"]
[SourceVersionDate "2016.10.25"]
[SourceQuality "1"]

1. e4 e6 2. Nf3 d5 3. e5 c5 4. b4 cxb4 5. a3 Nc6 6. axb4 Bxb4 7. c3 Be7 8. d4 f6 9. Bd3 fxe5 10. dxe5 Qc7 11. 0-0 Nh6 12. Re1 Nf7 13. Na3 0-0 14. Nb5 Qd8 15. Qc2 h6 16. Qe2 Bc5 17. Bf4 g5 18. Bg3 g4 19. Bc2 Qe7 20. Qd3 Nh8 21. Ra4 h5 22. Bh4 Qg7 23. Bf6 Rxf6 24. exf6 Qxf6 25. Qh7+ Kf8 26. Nfd4 e5 27. Nc7 Rb8 28. Nxd5 Qg7 29. Qxh5 Nf7 30. Nf5 Bxf5 31. Bxf5 g3 32. hxg3 Qxg3 33. Ne3 Qg7 34. Be6 Ncd8 35. Bd5 b5 36. Rg4 Qf6 37. Nf5 Rb6 38. Qh7 Ke8 39. Rd1 a5 40. Qg8+ Bf8 41. Be4 a4 42. g3 a3 43. Ng7+ Ke7 44. Rg6 Bxg7 45. Rxf6 Bxf6 46. Qg4 Nd6 47. Ra1 Ra6 48. Ra2 Ra4 49. f3 Ne6 50. Qg8 Nc5 51. Qd5 Ne6 52. Bc2 Ra5 53. Bb3 Ng5 54. Re2 e4 55. f4 a2 56. Bxa2 1-0